00443nam a2200169Ia 4500008004100000041001200041082001200053100003000065245004000095365000700135520001300142546001200155630004000167650001300207655001300220730004000233101110s9999 xx 000 0 und d aENGLISH bSR13762 aMan Mohan and S.N.Goyal aPrinciples of Management Accounting b45 aCommerce aENGLISH aPrinciples of Management Accounting aCommerce aCommerce aPrinciples of Management Accounting